| 000 | 01645nam a22004217a 4500 | ||
|---|---|---|---|
| 001 | 0019130 | ||
| 003 | KOHA_MİRAKIL | ||
| 005 | 20260207002226.0 | ||
| 007 | ta | ||
| 008 | 100707b2003 tu |||gr||||#||||0|tur | | ||
| 020 | _a9750501411(c.I) | ||
| 020 | _a9750501381(c.II) | ||
| 040 |
_aTR-BiSEU _btur _cTR-BiSEU _erda |
||
| 041 | 0 | _atur | |
| 044 | _ctu | ||
| 050 |
_aHC492 _b.I38 2003 |
||
| 245 | 0 |
_aİktisat üzerine yazılar II : _bİktisadi kalkınma , kriz ve istikrar/ _cdrl. Ahmet H. Köse, Fikret Şenses, Erinç Yeldan. |
|
| 264 | 1 |
_aİstanbul : _bİletişim _c2003 |
|
| 300 | _ac.,665 s. | ||
| 336 |
_ametin _btxt _2rdacontent |
||
| 337 |
_aaracısız _bn _2rdamedia |
||
| 338 |
_acilt _bnc _2rdacarrier |
||
| 490 | 1 |
_aİletişim Yayınları ; _v 920. |
|
| 490 | 1 |
_aAraştırma-İnceleme Dizisi ; _v 151. |
|
| 500 | _aKaynakça var. | ||
| 500 | _aNeoliberalizmin ideolojik bir soylemi olarak kuresellesme / Erinc Yeldan (c.1 p. 427-454) | ||
| 500 | _aThere is an article written by Erinc Yeldan in this book. | ||
| 500 | _aContents:c.1 Küresel düzen :birikim,devlet ve sınıflar :Korkut Boratav'a armağan -- c.2 İktisadi kalkınma, kriz ve istikrar :Oktar Türel'e armağan. | ||
| 650 | 0 |
_aTurkey--Economic conditions. _98442 |
|
| 650 | 0 |
_aTurkey--Economıc policy. _943175 |
|
| 650 | 0 |
_aEconomic development--Turkey. _98613 |
|
| 650 | 0 |
_aEconomic stabilization--Turkey. _99384 |
|
| 650 | 0 |
_aEconomic fluctuations--turkey. _943176 |
|
| 650 | 0 |
_aFinancial crises--Turkey. _919641 |
|
| 830 | 1 |
_aİletişim Yayınları ; _v 920. _97494 |
|
| 830 | 1 |
_aAraştırma-İnceleme Dizisi ; _v 151. _914051 |
|
| 942 |
_2lcc _cBK |
||
| 999 |
_c19087 _d19087 |
||